• 首页
  • 本馆介绍
  • 公告通知
  • 最新文献
  • 馆藏检索
  • 电子资源
  • 读者导购
  • 参考咨询
  • 我的图书馆
  • 登录
  • 详细信息显示
  • 放入我的书架
  • 预约/预借图书
  • 作者相关作品
  • 分类相关作品
  • 丛书相关作品
  • 出版社相关作品

书目信息

  • 表格格式
  • 工作单格式
  • 卡片格式
题名:
《论语》里的人生之道
    
 
作者: 钱逊 著
分册:  
出版信息: 北京   中国盲文出版社  2014.01
页数: 335页
开本: 26cm
丛书名:
单 册:
中图分类: B222-49 , B821-49
科图分类:
主题词: 人生哲学
电子资源:
ISBN: 978-7-5002-4545-2
000 00902nam0 2200289 450
001 0102100419
005 20210402100820.0
010    @a978-7-5002-4545-2@dCNY39.00
100    @a20140429d2014 em y0chiy50 ea
101 0  @achi
102    @aCN@b110000
105    @ay z 000yy
106    @ar
200 1  @a《论语》里的人生之道@A《 lun yu li 》 de ren sheng zhi dao@f钱逊著
210    @a北京@c中国盲文出版社@d2014.01
215    @a335页@d26cm
300    @a中国传统文化解读精品大字版
300    @a国家彩票公益金资助
330    @a本书讲述了《论语》里的人生之道,内容涉及志于道、从日常生活做起、仁、礼、修身态度、修养功夫、和为贵、知命等。
605    @a《论语》@x人生哲学@j通俗读物
605    @a《论语》
606 0  @a人生哲学
690    @aB222-49@v5
690    @aB821-49@v5
701  0 @a钱逊@Aqian xun@f(1933~)@4著
801  0 @aCN@bBJSZM@c20210402
905    @b1275681-4@dB222-49@e990@f4
    
    《论语》里的人生之道/钱逊著.-北京:中国盲文出版社,2014.01
    335页;26cm
    中国传统文化解读精品大字版.-国家彩票公益金资助
    
    ISBN 978-7-5002-4545-2:CNY39.00
    本书讲述了《论语》里的人生之道,内容涉及志于道、从日常生活做起、仁、礼、修身态度、修养功夫、和为贵、知命等。
●
相关链接 在E读中查询图书 在五车中查询图书 在当当中查询图书 在豆瓣中查询图书


正题名:《论语》里的人生之道     索取号:B222-49/990         预约/预借

序号 登录号 条形码 馆藏地/架位号 状态 备注
1 1275681   212756819   第一样本阅览室/ [索取号:B222-49/990] 在馆    
2 1275682   212756828   教育系资料室/ [索取号:B222-49/990] 在馆    
3 1275683   212756837   教育系资料室/ [索取号:B222-49/990] 在馆    
4 1275684   212756846   第一借阅区/ [索取号:B222-49/990] 在馆    
唐山师范学院图书馆 欢迎您!
大连网信软件有限公司© 版权所有